[Event "FRA-chT"]
[Site "France"]
[Date "1998.04.02"]
[Round "4"]
[White "Marciano, David"]
[Black "Scholz Solis, Guillermo"]
[Result "0-1"]
[WhiteElo "2485"]
[BlackElo "2345"]
[PlyCount "82"]
[EventDate "1998.02.06"]
[EventType "team"]
[EventRounds "11"]
[EventCountry "FRA"]
[SourceTitle "CBM 064 Extra"]
[Source "ChessBase"]
[SourceDate "1998.07.07"]
[SourceVersion "1"]
[SourceVersionDate "1998.07.07"]
[SourceQuality "1"]

1. e4 e5 2. Nf3 Nc6 3. Nc3 Nf6 4. Bb5 Bb4 5. 0-0 0-0 6. d3 d6 7. Bg5 Bxc3 8. bxc3 Qe7 9. d4 Nd8 10. d5 h6 11. Bh4 Kh8 12. Bd3 Rg8 13. Qc1 b6 14. h3 Nb7 15. Kh1 Nc5 16. g4 Ncd7 17. g5 hxg5 18. Bxg5 Nf8 19. Nh4 N8h7 20. Rg1 Bd7 21. f4 Nxg5 22. fxg5 Nh5 23. Nf5 Qe8 24. Be2 Nf4 25. Qe1 Ng6 26. Qg3 Rf8 27. Raf1 Kh7 28. Qf3 Nf4 29. Qg3 Nxe2 30. Qh4+ Kg6 31. Nxg7 Rh8 32. Nxe8 Rxh4 33. Rf6+ Kh7 34. g6+ fxg6 35. Rf7+ Kg8 36. Rg7+ Kf8 37. Rf1+ Nf4 38. Rxd7 Kxe8 39. Rxc7 Kd8 40. Rf2 Rxh3+ 41. Kg1 Rc8 0-1

[Event "FRA-chT 9697 fin"]
[Site "Clichy"]
[Date "1997.05.03"]
[Round "10"]
[White "Scholz Solis, Guillermo"]
[Black "Gachon, Lionel"]
[Result "0-1"]
[WhiteElo "2345"]
[BlackElo "2275"]
[PlyCount "54"]
[EventDate "1997.??.??"]
[EventType "team"]
[EventRounds "4"]
[EventCountry "FRA"]
[SourceTitle "EXT 1999"]
[Source "ChessBase"]
[SourceDate "1998.11.16"]
[SourceVersion "1"]
[SourceVersionDate "1998.11.16"]
[SourceQuality "1"]

1. e4 c5 2. Nf3 d6 3. d4 cxd4 4. Nxd4 Nf6 5. Nc3 g6 6. Be2 Bg7 7. 0-0 Nc6 8. Be3 0-0 9. Nb3 Be6 10. Nd4 Bd7 11. h3 a6 12. a4 Rc8 13. Re1 Ne5 14. Bf1 Rxc3 15. bxc3 Nxe4 16. Bd2 d5 17. f3 Nxd2 18. Qxd2 e6 19. f4 Qc7 20. g3 Rc8 21. Re3 Nc4 22. Bxc4 Qxc4 23. a5 e5 24. Nb3 exf4 25. gxf4 Bxc3 26. Rxc3 Qxc3 27. Qxc3 Rxc3 0-1

[Event "Berliner Sommer 11th"]
[Site "Berlin"]
[Date "1993.??.??"]
[Round "?"]
[White "Scholz Solis, Guillermo"]
[Black "Grigore, George Gabriel"]
[Result "0-1"]
[WhiteElo "2345"]
[BlackElo "2455"]
[PlyCount "94"]
[EventDate "1993.08.??"]
[EventType "swiss"]
[EventRounds "9"]
[EventCountry "GER"]
[SourceTitle "EXT 1997"]
[Source "ChessBase"]
[SourceDate "1996.11.15"]
[SourceVersion "1"]
[SourceVersionDate "1996.11.15"]
[SourceQuality "1"]

1. e4 c5 2. Nf3 Nc6 3. d4 cxd4 4. Nxd4 e5 5. Nb5 d6 6. N1c3 a6 7. Na3 b5 8. Nd5 Nge7 9. c4 Nd4 10. Bd3 Nxd5 11. cxd5 f5 12. Nc2 Nxc2+ 13. Bxc2 f4 14. a4 Bd7 15. Bd2 Be7 16. axb5 axb5 17. b4 Rxa1 18. Qxa1 f3 19. gxf3 0-0 20. Bd1 Bg5 21. Qa7 Bxd2+ 22. Kxd2 Qg5+ 23. Qe3 Qg2 24. Qe1 Qh3 25. Qe3 Qg2 26. Qe1 Be8 27. Qg1 Qh3 28. Qg3 Qh6+ 29. Kc2 Bg6 30. Be2 Rc8+ 31. Kd3 Ra8 32. Rd1 Ra3+ 33. Kc2 Ra2+ 34. Kd3 Bxe4+ 35. fxe4 Ra3+ 36. Kc2 Rxg3 37. hxg3 Qg6 38. Kd3 Qf7 39. f3 Qa7 40. Rb1 Qa2 41. Rc1 Qb3+ 42. Rc3 Qxb4 43. Kc2 Qa4+ 44. Rb3 b4 45. f4 exf4 46. gxf4 Kf7 47. Bd3 h5 0-1

[Event "FRA-chT"]
[Site "France"]
[Date "1989.??.??"]
[Round "?"]
[White "Scholz Solis, Guillermo"]
[Black "Lagunes, Jean Renaud"]
[Result "1-0"]
[WhiteElo "2355"]
[BlackElo "2110"]
[PlyCount "69"]
[EventDate "1989.??.??"]
[EventType "team"]
[EventRounds "11"]
[EventCountry "FRA"]
[SourceTitle "TD"]
[Source "ChessBase"]
[SourceDate "1994.03.01"]
[SourceVersion "1"]
[SourceVersionDate "1994.03.01"]
[SourceQuality "1"]

1. d4 Nf6 2. c4 g6 3. Nc3 Bg7 4. g3 0-0 5. Bg2 c6 6. Nf3 d6 7. 0-0 Qa5 8. e4 e5 9. h3 Nbd7 10. Re1 Re8 11. a3 Qc7 12. Rb1 a5 13. b3 Nf8 14. Be3 Ne6 15. Rc1 Nh5 16. d5 Nd8 17. b4 Bf8 18. dxc6 bxc6 19. b5 Bb7 20. bxc6 Bxc6 21. Nd5 Bxd5 22. cxd5 Qd7 23. Nd2 Nb7 24. Nc4 Qd8 25. Bf1 Nc5 26. Rb1 Qc7 27. Rc1 Reb8 28. Nd2 Rb2 29. Bxc5 dxc5 30. Nc4 Rbb8 31. d6 Qd8 32. Qd5 Bg7 33. Nxe5 Qe8 34. Nc6 Rb2 35. d7 1-0

[Event "FRA-chT 8788"]
[Site "France"]
[Date "1987.11.24"]
[Round "3"]
[White "Scholz Solis, Guillermo"]
[Black "Sidhoum, Mohamed"]
[Result "1-0"]
[WhiteElo "2350"]
[BlackElo "2270"]
[PlyCount "57"]
[EventDate "1987.10.24"]
[EventType "team-match"]
[EventRounds "11"]
[EventCountry "FRA"]
[SourceTitle "EXT 2005"]
[Source "ChessBase"]
[SourceDate "2004.11.15"]
[SourceVersion "1"]
[SourceVersionDate "2004.11.15"]
[SourceQuality "1"]
[WhiteTeam "Chess Max Center"]
[BlackTeam "Caissa"]
[WhiteTeamCountry "FRA"]
[BlackTeamCountry "FRA"]

1. d4 Nf6 2. c4 g6 3. Nc3 Bg7 4. g3 0-0 5. Bg2 d6 6. Nf3 Nc6 7. 0-0 a6 8. a3 Bg4 9. d5 Bxf3 10. exf3 Ne5 11. Qe2 Re8 12. Bh3 e6 13. f4 Ned7 14. dxe6 fxe6 15. Be3 Qe7 16. Rad1 Rad8 17. Rfe1 Qf7 18. Qf3 e5 19. Qxb7 exf4 20. Bxf4 Nc5 21. Rxe8+ Rxe8 22. Qc6 Re7 23. Bg2 h6 24. Nd5 Re2 25. Nxf6+ Qxf6 26. Qxc7 Qxb2 27. Bd5+ Kh7 28. Qf7 g5 29. Qf5+ 1-0

[Event "FRA-chT 8788"]
[Site "France"]
[Date "1987.10.24"]
[Round "1"]
[White "Scholz Solis, Guillermo"]
[Black "Nory, Pascal"]
[Result "1-0"]
[WhiteElo "2350"]
[BlackElo "2100"]
[PlyCount "71"]
[EventDate "1987.10.24"]
[EventType "team-match"]
[EventRounds "11"]
[EventCountry "FRA"]
[SourceTitle "EXT 2005"]
[Source "ChessBase"]
[SourceDate "2004.11.15"]
[SourceVersion "1"]
[SourceVersionDate "2004.11.15"]
[SourceQuality "1"]
[WhiteTeam "Chess Max Center"]
[BlackTeam "Zoo Porte Doree"]
[WhiteTeamCountry "FRA"]
[BlackTeamCountry "FRA"]

1. d4 c5 2. d5 Nf6 3. Nc3 Qa5 4. Bd2 b5 5. a3 a6 6. Ne4 Qb6 7. Nxf6+ Qxf6 8. Bc3 e5 9. Nf3 d6 10. g3 g6 11. Bg2 Bg7 12. 0-0 0-0 13. Nd2 Qe7 14. e4 f5 15. exf5 Bxf5 16. Ne4 Nd7 17. Re1 Rf7 18. f4 Bxe4 19. Rxe4 Raf8 20. Bh3 Kh8 21. Qd2 c4 22. Rae1 Nc5 23. R4e2 Qa7 24. Kh1 Qb7 25. fxe5 dxe5 26. Bxe5 Nd3 27. Bxg7+ Kxg7 28. cxd3 Qxd5+ 29. Kg1 cxd3 30. Re3 Rf2 31. Re7+ R2f7 32. Qc3+ Kh6 33. Qd2+ Kg7 34. Rxf7+ Rxf7 35. Qc3+ Kh6 36. Be6 1-0

[Event "OHRA op"]
[Site "Brussels"]
[Date "1987.??.??"]
[Round "4"]
[White "Scholz Solis, Guillermo"]
[Black "Kudrin, Sergey"]
[Result "1-0"]
[WhiteElo "2310"]
[BlackElo "2515"]
[PlyCount "119"]
[EventDate "1987.12.??"]
[EventType "swiss"]
[EventRounds "9"]
[EventCountry "BEL"]
[SourceTitle "TD"]
[Source "ChessBase"]
[SourceDate "1994.03.01"]
[SourceVersion "1"]
[SourceVersionDate "1994.03.01"]
[SourceQuality "1"]

1. d4 Nf6 2. Nf3 g6 3. g3 Bg7 4. Bg2 d5 5. 0-0 0-0 6. c4 dxc4 7. Na3 c3 8. bxc3 c5 9. Nc4 Nc6 10. Bb2 Be6 11. Nfe5 Qc7 12. Qa4 Nxe5 13. Nxe5 Rfd8 14. Nd3 c4 15. Nc5 Bd5 16. Bxd5 Rxd5 17. Qc2 Rh5 18. f3 Nd5 19. Qd2 e5 20. e3 exd4 21. exd4 b6 22. Ne4 Bh6 23. f4 f5 24. Ng5 Bxg5 25. fxg5 f4 26. Qg2 Rxg5 27. Rxf4 Qxf4 28. gxf4 Rxg2+ 29. Kxg2 Nxf4+ 30. Kf3 Nd3 31. Ba3 Re8 32. Rb1 Kf7 33. Bd6 Ke6 34. Bg3 Rf8+ 35. Ke4 Rf5 36. Rd1 h5 37. Rd2 h4 38. Bb8 Ra5 39. Rg2 g5 40. h3 Kd7 41. d5 Ra3 42. Kd4 Nc1 43. Be5 Rxa2 44. Rxg5 Rd2+ 45. Ke4 Nd3 46. Rg7+ Ke8 47. Bd4 Nc5+ 48. Kf5 Rd3 49. d6 Rxh3 50. Rxa7 Rf3+ 51. Ke5 Rf7 52. Ra8+ Kd7 53. Bxc5 bxc5 54. Ra7+ Ke8 55. Ra2 Rf3 56. Ke6 Re3+ 57. Kd5 h3 58. Kc6 Rd3 59. Ra8+ Kf7 60. Rh8 1-0

[Event "Paris-ch"]
[Site "Paris"]
[Date "1987.??.??"]
[Round "6"]
[White "Vareille, Francois"]
[Black "Scholz Solis, Guillermo"]
[Result "0-1"]
[WhiteElo "2285"]
[BlackElo "2330"]
[PlyCount "180"]
[EventDate "1987.04.??"]
[EventType "swiss"]
[EventRounds "9"]
[EventCountry "FRA"]
[SourceTitle "EXT 2004"]
[Source "ChessBase"]
[SourceDate "2003.11.25"]
[SourceVersion "1"]
[SourceVersionDate "2003.11.25"]
[SourceQuality "1"]

1. d4 Nf6 2. c4 e6 3. Nc3 Bb4 4. e3 Bxc3+ 5. bxc3 c5 6. Bd3 d6 7. Ne2 Nc6 8. 0-0 0-0 9. e4 e5 10. Bg5 h6 11. Bh4 g5 12. Bg3 Nh5 13. dxc5 dxc5 14. Nd4 Nxg3 15. Nxc6 bxc6 16. hxg3 Be6 17. Qf3 Kg7 18. Rad1 Qa5 19. Qe3 Rad8 20. Be2 Rxd1 21. Rxd1 Qxa2 22. Rd2 Qa3 23. Rd6 Rb8 24. g4 Rb1+ 25. Kh2 Qc1 26. Qxc1 Rxc1 27. Rxc6 Rc2 28. Bf3 Rxc3 29. Rxc5 Rxc4 30. Ra5 Rc2 31. Rxa7 Rxf2 32. Kg3 Rb2 33. Ra5 Kf6 34. Ra7 Rb3 35. Kf2 Rb2+ 36. Kg3 Rb4 37. Ra5 Rb1 38. Kf2 Rb6 39. Kg3 Rb8 40. Kf2 Rb3 41. Rc5 Ra3 42. Rc7 Ra5 43. Rb7 Rc5 44. Kg3 Rc2 45. Rb6 Ke7 46. Rb1 Bc8 47. Rh1 Rc6 48. Ra1 Kf6 49. Ra5 Rc2 50. Ra1 Bb7 51. Rh1 Kg7 52. Rb1 Bc6 53. Rb4 Kf6 54. Rb6 Ke7 55. Rb1 Kf8 56. Rh1 Kg7 57. Rd1 Rc4 58. Re1 Rd4 59. Kf2 Bb7 60. Re2 Bc6 61. Ke3 h5 62. Rc2 Bd7 63. Rc5 f6 64. Rc7 h4 65. Ra7 Kf8 66. Ra6 Ke7 67. Rb6 Ra4 68. Kf2 Ra2+ 69. Ke3 Bc8 70. Rc6 Ba6 71. Rc7+ Kd6 72. Rc1 Ra3+ 73. Kf2 Bd3 74. Ke3 Bc4+ 75. Kf2 Ra2+ 76. Ke3 Kc5 77. Rb1 Ra3+ 78. Kf2 Kd4 79. Rb6 Ra2+ 80. Kg1 Ra6 81. Rb4 Ra1+ 82. Kh2 Kc3 83. Rb8 Bd3 84. Rb6 Ra6 85. Rb8 Kd4 86. Rb4+ Ke3 87. Rb3 Rd6 88. Kg1 Kf4 89. Rb4 Ba6 90. Kh2 Bc8 0-1

[Event "Cap d'Agde op 05th"]
[Site "Cap d'Agde"]
[Date "1986.??.??"]
[Round "2"]
[White "Scholz Solis, Guillermo"]
[Black "Gutman, Lev"]
[Result "1/2-1/2"]
[WhiteElo "2320"]
[BlackElo "2440"]
[PlyCount "38"]
[EventDate "1986.04.??"]
[EventType "swiss"]
[EventRounds "9"]
[EventCountry "FRA"]
[SourceTitle "EXT 2004"]
[Source "ChessBase"]
[SourceDate "2003.11.25"]
[SourceVersion "1"]
[SourceVersionDate "2003.11.25"]
[SourceQuality "1"]

1. e4 c5 2. Nf3 d6 3. d4 cxd4 4. Nxd4 Nf6 5. Nc3 e6 6. Be2 a6 7. 0-0 Be7 8. f4 0-0 9. Be3 Qc7 10. a4 b6 11. Bf3 Bb7 12. f5 e5 13. Nb3 Re8 14. g4 h6 15. Qd2 Nbd7 16. Rad1 Rac8 17. h3 Qb8 18. Bg2 Rc4 19. Qd3 Rec8 1/2-1/2

[Event "Hamburg HSV"]
[Site "Hamburg"]
[Date "1986.??.??"]
[Round "?"]
[White "Scholz Solis, Guillermo"]
[Black "Wahls, Matthias"]
[Result "1/2-1/2"]
[WhiteElo "2355"]
[BlackElo "2460"]
[PlyCount "80"]
[EventDate "1986.??.??"]
[EventType "tourn"]
[EventRounds "11"]
[EventCountry "GER"]
[EventCategory "4"]
[SourceTitle "EXT 1997"]
[Source "ChessBase"]
[SourceDate "1996.11.15"]
[SourceVersion "1"]
[SourceVersionDate "1996.11.15"]
[SourceQuality "1"]

1. c4 Nf6 2. Nc3 c5 3. Nf3 b6 4. e3 g6 5. b3 Bg7 6. Bb2 0-0 7. Be2 Bb7 8. 0-0 e6 9. d4 cxd4 10. Nxd4 a6 11. Bf3 Qc7 12. Ba3 Re8 13. Rc1 Ra7 14. Bxb7 Qxb7 15. Qf3 Rc8 16. Rfd1 Nc6 17. Nxc6 Rxc6 18. Ne2 Qb8 19. Bb4 Rc8 20. Bc3 Ne8 21. Bxg7 Kxg7 22. Qe4 Rac7 23. a4 Kg8 24. Qd3 Qb7 25. Nc3 d6 26. e4 Qc6 27. Qe3 Qc5 28. Rd3 Qb4 29. Rcd1 Qc5 30. Qh6 Qe5 31. Qe3 Qc5 32. Qh6 Qe5 33. Qe3 Rc6 34. Na2 Qc5 35. Qe1 R6c7 36. Nc3 Rc6 37. Na2 R6c7 38. Nc3 Kg7 39. Qd2 Kg8 40. Qh6 Qe5 1/2-1/2

[Event "Meudon Open-01"]
[Site "Meudon"]
[Date "1984.??.??"]
[Round "?"]
[White "Zapata, Alonso"]
[Black "Scholz Solis, Guillermo"]
[Result "1/2-1/2"]
[WhiteElo "2470"]
[BlackElo "2330"]
[PlyCount "41"]
[EventDate "1984.??.??"]
[EventType "swiss"]
[EventRounds "9"]
[EventCountry "FRA"]
[SourceTitle "EXT 2004"]
[Source "ChessBase"]
[SourceDate "2003.11.25"]
[SourceVersion "1"]
[SourceVersionDate "2003.11.25"]
[SourceQuality "1"]

1. e4 e5 2. Nf3 Nc6 3. Bb5 a6 4. Ba4 Nf6 5. d4 exd4 6. 0-0 Be7 7. Re1 b5 8. Bb3 d6 9. Bd5 Bd7 10. Nxd4 Nxd5 11. Nxc6 Bxc6 12. exd5 Bb7 13. a4 Qd7 14. Ra3 0-0 15. Rh3 Rfe8 16. Qh5 h6 17. Rd1 Bf8 18. Qf3 Re5 19. Bf4 Bxd5 20. Qg3 Re6 21. Rxh6 1/2-1/2

[Event "Bagneux Open-17"]
[Site "Bagneux"]
[Date "1983.07.??"]
[Round "?"]
[White "Ghitescu, Theodor"]
[Black "Scholz Solis, Guillermo"]
[Result "1/2-1/2"]
[WhiteElo "2420"]
[BlackElo "2335"]
[PlyCount "124"]
[EventDate "1983.07.??"]
[EventType "swiss"]
[EventRounds "9"]
[EventCountry "FRA"]
[SourceTitle "EXT 2004"]
[Source "ChessBase"]
[SourceDate "2003.11.25"]
[SourceVersion "1"]
[SourceVersionDate "2003.11.25"]
[SourceQuality "1"]

1. d4 Nf6 2. c4 e6 3. Nf3 b6 4. g3 Bb7 5. Bg2 Be7 6. 0-0 0-0 7. Nc3 Ne4 8. Bd2 Nxc3 9. Bxc3 Be4 10. d5 c5 11. Ne1 exd5 12. cxd5 Bxg2 13. Nxg2 d6 14. e4 Nd7 15. Ne3 Bf6 16. Qd2 Re8 17. f3 b5 18. Rae1 c4 19. Ba5 Qb8 20. Nf5 Nc5 21. Bc3 Qd8 22. Kh1 a5 23. g4 Nd3 24. Re2 Nc5 25. Bd4 Rc8 26. Bxf6 Qxf6 27. Qxa5 g6 28. g5 Qd8 29. Nh6+ Kf8 30. Qc3 Qxg5 31. Qh8+ Ke7 32. Qxh7 Qf6 33. e5 dxe5 34. Ng4 Qh8 35. d6+ Ke6 36. Qxh8 Rxh8 37. Nxe5 Kf6 38. Rd1 Ra8 39. Rd5 Ne6 40. Re4 Rxa2 41. Rxb5 c3 42. Ng4+ Kg7 43. bxc3 Rd2 44. Rxe6 fxe6 45. Rb7+ Kf8 46. Rb8+ Kg7 47. Rxh8 Kxh8 48. Ne5 Kg7 49. d7 Kf6 50. f4 g5 51. c4 gxf4 52. c5 Kxe5 53. c6 f3 54. Kg1 Kf4 55. c7 Rxd7 56. c8Q Rd1+ 57. Kf2 Rd2+ 58. Ke1 Rxh2 59. Qc4+ Kf5 60. Qd3+ Kf4 61. Qd4+ Kf5 62. Qd3+ Kf4 1/2-1/2

[Event "Paris op"]
[Site "Paris"]
[Date "1983.??.??"]
[Round "7"]
[White "Boey, Josef Martin"]
[Black "Scholz Solis, Guillermo"]
[Result "1-0"]
[WhiteElo "2415"]
[BlackElo "2335"]
[PlyCount "69"]
[EventDate "1983.05.06"]
[EventType "swiss"]
[EventRounds "9"]
[EventCountry "FRA"]
[SourceTitle "EXT 2002"]
[Source "ChessBase"]
[SourceDate "2001.11.25"]
[SourceVersion "1"]
[SourceVersionDate "2001.11.25"]
[SourceQuality "1"]

1. e4 e5 2. Nf3 Nc6 3. Bb5 a6 4. Ba4 Nf6 5. 0-0 Be7 6. Re1 b5 7. Bb3 d6 8. c3 0-0 9. d4 Bg4 10. d5 Na5 11. Bc2 c6 12. h3 Bc8 13. dxc6 Qc7 14. Nbd2 Nxc6 15. Nf1 Be6 16. Ne3 Na5 17. Nh4 g6 18. Nf3 Rfe8 19. Ng5 Bd7 20. Nd5 Nxd5 21. Qxd5 Rf8 22. Nxf7 Qc4 23. Nh6+ Kh8 24. Qxc4 Nxc4 25. Ng4 Rfc8 26. Bb3 a5 27. a4 bxa4 28. Bxa4 Bxa4 29. Rxa4 Rab8 30. Re2 Rb5 31. Ne3 Nb6 32. Ra1 Bg5 33. Nd5 Bxc1 34. Nxb6 Bxb2 35. Rxb2 1-0

[Event "Paris op"]
[Site "Paris"]
[Date "1983.??.??"]
[Round "4"]
[White "Haik, Aldo"]
[Black "Scholz Solis, Guillermo"]
[Result "1/2-1/2"]
[WhiteElo "2400"]
[BlackElo "2335"]
[PlyCount "122"]
[EventDate "1983.05.06"]
[EventType "swiss"]
[EventRounds "9"]
[EventCountry "FRA"]
[SourceTitle "EXT 2002"]
[Source "ChessBase"]
[SourceDate "2001.11.25"]
[SourceVersion "1"]
[SourceVersionDate "2001.11.25"]
[SourceQuality "1"]

1. d4 Nf6 2. c4 e6 3. Nf3 b6 4. g3 Bb7 5. Bg2 Be7 6. 0-0 0-0 7. Nc3 Ne4 8. Nxe4 Bxe4 9. Bf4 d6 10. Qd2 Nd7 11. Rfd1 Nf6 12. Rac1 Re8 13. Qe3 Qc8 14. b4 Qb7 15. Ne1 Bxg2 16. Nxg2 e5 17. Bg5 Ng4 18. Qd2 exd4 19. Bxe7 Rxe7 20. Qxd4 Nf6 21. Ne3 Re4 22. Qc3 Rae8 23. Rd4 R4e5 24. Qd3 Qc8 25. Rc2 Ne4 26. Ng2 c5 27. bxc5 dxc5 28. Rd5 R5e7 29. f3 Nf6 30. Rd6 Rd7 31. Rd2 Red8 32. Qf5 Qc7 33. Rxd7 Rxd7 34. Rd3 Rxd3 35. exd3 Qd7 36. Qe5 h6 37. Nf4 Qa4 38. Qe2 Qa3 39. Kg2 Qc3 40. Nd5 Qd4 41. Ne7+ Kf8 42. Nf5 Qd7 43. g4 h5 44. h3 g6 45. Ng3 h4 46. Nf1 Qd4 47. Qe3 Qb2+ 48. Qf2 Qe5 49. f4 Qd6 50. Qf3 Ne8 51. Qe4 Nc7 52. Ne3 Ne6 53. Nd5 b5 54. Qe3 bxc4 55. dxc4 Nc7 56. Nxc7 Qxc7 57. a3 Qb7+ 58. Kf2 Qb2+ 59. Kf3 Qb7+ 60. Kf2 Qb2+ 61. Kf3 Qb7+ 1/2-1/2

[Event "Paris op"]
[Site "Paris"]
[Date "1983.??.??"]
[Round "1"]
[White "Leski, Marc"]
[Black "Scholz Solis, Guillermo"]
[Result "1/2-1/2"]
[WhiteElo "2275"]
[BlackElo "2335"]
[PlyCount "75"]
[EventDate "1983.05.06"]
[EventType "swiss"]
[EventRounds "9"]
[EventCountry "FRA"]
[SourceTitle "EXT 2002"]
[Source "ChessBase"]
[SourceDate "2001.11.25"]
[SourceVersion "1"]
[SourceVersionDate "2001.11.25"]
[SourceQuality "1"]

1. Nf3 Nf6 2. c4 c6 3. d4 d5 4. Nc3 e6 5. e3 Be7 6. Bd3 Nbd7 7. 0-0 0-0 8. b3 b6 9. Bb2 Bb7 10. Qe2 Bd6 11. Rad1 Re8 12. e4 dxe4 13. Nxe4 Nxe4 14. Qxe4 Nf8 15. c5 Be7 16. Ne5 Qc7 17. b4 b5 18. Bc2 a5 19. a3 axb4 20. axb4 Ra2 21. Nd3 Nd7 22. Bb3 Raa8 23. Nf4 Nf6 24. Qe5 Bd8 25. Ra1 Qc8 26. Nh5 Rxa1 27. Rxa1 Nxh5 28. Qxh5 Bf6 29. Re1 Qd8 30. Qe2 Re7 31. g3 g6 32. Qf3 Bg7 33. Re4 Rd7 34. Qe3 h5 35. h3 Kh7 36. Kh2 Bh6 37. Qe2 Bg7 38. Qe3 1/2-1/2

[Event "Paris op"]
[Site "Paris"]
[Date "1983.??.??"]
[Round "5"]
[White "Scholz Solis, Guillermo"]
[Black "Zichichi, Alvise"]
[Result "1/2-1/2"]
[WhiteElo "2335"]
[BlackElo "2385"]
[PlyCount "48"]
[EventDate "1983.05.06"]
[EventType "swiss"]
[EventRounds "9"]
[EventCountry "FRA"]
[SourceTitle "EXT 2002"]
[Source "ChessBase"]
[SourceDate "2001.11.25"]
[SourceVersion "1"]
[SourceVersionDate "2001.11.25"]
[SourceQuality "1"]

1. e4 c5 2. Nf3 e6 3. d4 cxd4 4. Nxd4 Nf6 5. Nc3 d6 6. Be2 Be7 7. 0-0 0-0 8. Kh1 Nc6 9. Be3 Bd7 10. f4 a6 11. a4 Rc8 12. Nb3 e5 13. a5 Nb4 14. Bf3 exf4 15. Bxf4 Ne8 16. e5 Bc6 17. Bxc6 Nxc6 18. exd6 Bxd6 19. Nd5 Bxf4 20. Rxf4 Nc7 21. Nb6 Qxd1+ 22. Rxd1 Rcd8 23. Rff1 Ne6 24. c3 Rfe8 1/2-1/2

[Event "CHI-ch"]
[Site "Santiago de Chile"]
[Date "1980.10.04"]
[Round "12"]
[White "Scholz Solis, Guillermo"]
[Black "Godoy Bugueno, David A"]
[Result "1/2-1/2"]
[WhiteElo "2375"]
[BlackElo "2350"]
[PlyCount "67"]
[EventDate "1980.09.20"]
[EventType "tourn"]
[EventRounds "17"]
[EventCountry "CHI"]
[SourceTitle "EXT 2007"]
[Source "ChessBase"]
[SourceDate "2006.11.23"]
[SourceVersion "1"]
[SourceVersionDate "2006.11.23"]
[SourceQuality "1"]

1. e4 e5 2. Nf3 Nc6 3. Bb5 a6 4. Ba4 Nf6 5. 0-0 Be7 6. Re1 b5 7. Bb3 d6 8. c3 0-0 9. h3 Nd7 10. d4 Bf6 11. a4 Bb7 12. axb5 axb5 13. Rxa8 Bxa8 14. d5 Na5 15. Na3 Qb8 16. Ba2 b4 17. cxb4 Qxb4 18. Qc2 Qc5 19. Qxc5 dxc5 20. Bd2 Nb7 21. Nb5 Bd8 22. Bc3 Nd6 23. Na7 Bf6 24. Bb3 c4 25. Bc2 g6 26. Nc6 Re8 27. Na5 Nb6 28. Nd2 Bg7 29. Bb1 f5 30. f3 fxe4 31. fxe4 Bb7 32. Ba2 Ba6 33. Nf3 Na4 34. Nd2 1/2-1/2

[Event "CHI-ch"]
[Site "Santiago de Chile"]
[Date "1980.09.26"]
[Round "6"]
[White "Velasquez Ojeda, Cesar"]
[Black "Scholz Solis, Guillermo"]
[Result "1-0"]
[WhiteElo "2310"]
[BlackElo "2375"]
[PlyCount "81"]
[EventDate "1980.09.20"]
[EventType "tourn"]
[EventRounds "17"]
[EventCountry "CHI"]
[SourceTitle "EXT 2007"]
[Source "ChessBase"]
[SourceDate "2006.11.23"]
[SourceVersion "1"]
[SourceVersionDate "2006.11.23"]
[SourceQuality "1"]

1. e4 d6 2. d4 Nf6 3. Nc3 g6 4. f4 Bg7 5. Nf3 0-0 6. Bd3 Nc6 7. e5 Ne8 8. Be3 Nb4 9. Bc4 Bf5 10. Rc1 c5 11. d5 Bg4 12. a3 Na6 13. 0-0 dxe5 14. h3 exf4 15. Bxf4 Bxf3 16. Qxf3 Nd6 17. Bd3 c4 18. Be2 b5 19. Kh1 Nc7 20. Rcd1 Nce8 21. Rfe1 Rc8 22. Qf2 a5 23. Bg4 f5 24. Bf3 Qd7 25. Qb6 b4 26. axb4 axb4 27. Qxb4 Nf6 28. Rxe7 Qxe7 29. Bxd6 Qe3 30. Bxf8 Bxf8 31. d6 Qe5 32. Qb6 g5 33. d7 Nxd7 34. Rxd7 Bc5 35. Bd5+ Kh8 36. Qe6 Re8 37. Qxe5+ Rxe5 38. g4 fxg4 39. Ne4 c3 40. bxc3 gxh3 41. Nxc5 1-0

[Event "CHI-ch"]
[Site "Santiago de Chile"]
[Date "1980.09.22"]
[Round "3"]
[White "Scholz Solis, Guillermo"]
[Black "Campos Moreno, Javier B"]
[Result "0-1"]
[WhiteElo "2375"]
[BlackElo "2305"]
[PlyCount "112"]
[EventDate "1980.09.20"]
[EventType "tourn"]
[EventRounds "17"]
[EventCountry "CHI"]
[SourceTitle "EXT 2007"]
[Source "ChessBase"]
[SourceDate "2006.11.23"]
[SourceVersion "1"]
[SourceVersionDate "2006.11.23"]
[SourceQuality "1"]

1. d4 Nf6 2. c4 e6 3. Nc3 Bb4 4. e3 c5 5. Bd3 0-0 6. Nf3 d5 7. 0-0 dxc4 8. Bxc4 cxd4 9. exd4 b6 10. a3 Bxc3 11. bxc3 Bb7 12. Bd3 Nbd7 13. Bf4 Rc8 14. c4 Re8 15. Qe2 Bxf3 16. Qxf3 e5 17. dxe5 Nxe5 18. Bxe5 Rxe5 19. Rfd1 Qe7 20. Bf1 g6 21. Rd4 Rd8 22. Rxd8+ Qxd8 23. Rd1 Qe7 24. Qc3 Kg7 25. g3 Qc5 26. Qb2 Qe7 27. h4 Rf5 28. Rd5 Rf3 29. Rd3 Rxd3 30. Bxd3 Kg8 31. Bf1 Nd7 32. Qd4 Nf8 33. Qd3 Nd7 34. Qd4 Ne5 35. Qd5 Qc5 36. Be2 Qxd5 37. cxd5 Kf8 38. f4 Nd7 39. Kf2 Ke7 40. Ke3 Kd6 41. Kd4 Nf6 42. g4 Nxd5 43. Bc4 Nxf4 44. Bxf7 h6 45. Be8 a6 46. Ke4 Ke7 47. Bc6 Ng2 48. h5 g5 49. Bb7 a5 50. Ba6 Ke6 51. a4 Kd6 52. Bb5 Nf4 53. Bc4 Kc5 54. Bb5 Nd5 55. Be8 Nf6+ 56. Kf5 Nxe8 0-1